Statistics for Alice in Wonderland (1951 film) Characters Quiz

Click here to take the quiz!

General Stats

  • This quiz has been taken 58 times
  • The average score is 8 of 9

Answer Stats

DescriptionCharacter% Correct
A girl who falls through a rabbit holeAlice
100%
A crazy man who is at a tea partyMad Hatter
96%
A feline who can disappear and floatCheshire Cat
91%
A Queen who uses flamingoes and hedgehogs to play croquetQueen of Hearts
91%
A twin who is a little overweightTweedledee
87%
The other twin who is a little overweightTweedledum
87%
A white animal who thinks he is going to be lateWhite Rabbit
87%
A crazy member of the rabbit family who is also at the tea partyMarch Hare
83%
A blue insect who smokes a long, thin pipeCaterpillar
81%

Score Distribution

Percentile by Number Answered

Percent of People with Each Score

Your Score History

You have not taken this quiz